|
|
|
|
| LEADER |
00924nam a22002412a 4500 |
| 001 |
001893865 |
| 003 |
CZ BrMZK |
| 005 |
20240429151026.0 |
| 007 |
ta |
| 008 |
240429s1946 xr er|||||||||||cze d |
| 015 |
|
|
|a cnb000394500
|
| 035 |
|
|
|a (OCoLC)85171089
|
| 040 |
|
|
|a ABA001
|b cze
|c ABA001
|d ABA001
|d BOA001
|
| 100 |
1 |
|
|a Rada, Eduard,
|d 1879-1968
|7 jk01101868
|4 aut
|
| 245 |
1 |
0 |
|a Potěmkinova dvojčata :
|b veselý román z dob carevny Kateřiny II. /
|c Eduard Rada
|
| 260 |
|
|
|a Liberec :
|b Maják, nakladatelské, vydavatelské a tiskařské družstvo Svazu národní revoluce,
|c 1946
|e (Jablonec n. N. :
|f Svoboda)
|
| 300 |
|
|
|a 273-[I] s. ;
|c 8°
|
| 490 |
1 |
|
|a Pramen, knižnice dobré románové četby
|
| 830 |
|
0 |
|a Pramen, knižnice dobré románové četby
|
| 910 |
|
|
|a BOA001
|b 2-0194.501
|
| 990 |
|
|
|a BK
|
| 991 |
|
|
|b 202404
|
| 996 |
6 |
|
|b 2618769858
|c 2-0194.501
|l MZK
|r Sklad / do 24 hodin
|n 0
|w 001962284
|u 000010
|a 1
|e BOA001
|j MZK50
|s P
|